000 00755nam a2200193Ii 4500
003 JO-AjNU
008 230605s9999||||xx |||||||||||||| ||und||
040 _aJO-AjNU
_bara
_erda
_cJO-AjNU
041 _aara
050 1 4 _aBF713.H37.2019
100 3 _aالاحمد، امل وآخرون,
_eauthor
_961669
245 0 0 _aعلم نفس النمو في مرحلة ما قبل المدرسة-رقم المقرر(108) لطلبة السنة الاولى-الاجازة في رياض الاطفال-نظام التعليم المفتوح
250 _aط1
264 3 1 _aدمشق: مركز التعليم المفتوح، 2018
300 _a340ص
336 _atext
_btxt
_2rdacontent
337 _aunmediated
_bn
_2rdamedia
338 _avolume
_bnc
_2rdacarrier
999 _aA27887
_c31455
_d31455